Записки военного коменданта: документальные очерки, воспоминания, повести

Dades bibliogràfiques
Autor principal: Арифов Э. Д. Энвер Джелилович
Idioma:rus
Publicat: Москва, Советский писатель, 1990
Matèries:
Format: MixedMaterials Llibre
KOHA link:https://koha.lib.tpu.ru/cgi-bin/koha/opac-detail.pl?biblionumber=168343

MARC

LEADER 00000nam0a2200000 4500
001 168343
005 20231031163057.0
010 |a 5265014349 
020 |a RU  |b 91-7027 
035 |a (RuTPU)RU\TPU\book\182653 
090 |a 168343 
100 |a 20091027d1990 m y0rusy5003 ca 
101 0 |a rus 
102 |a RU 
105 |a a z 000ay 
200 1 |a Записки военного коменданта  |e документальные очерки, воспоминания, повести  |f Э. Д. Арифов 
210 |a Москва  |c Советский писатель  |d 1990 
215 |a 332,[3] с.  |d 20 см 
610 1 |a Великая Отечественная война 1941-1945 
610 1 |a татары 
610 1 |a крымские татары 
610 1 |a воспоминания 
610 1 |a очерки 
610 1 |a повести 
686 |a Т3(2)722  |2 rubbk 
700 1 |a Арифов  |b Э. Д.  |g Энвер Джелилович  |4 070 
801 0 |a RU  |b RuMRKP  |c 19950417  |g psbo 
801 1 |a RU  |b 63413507  |c 20091027 
801 2 |a RU  |b 63413507  |c 20140228  |g RCR 
942 |c BK